Normal view
MARC view
- Rāzī, Muḥammad Valī
Entry Personal Name
001 - CONTROL NUMBER
- control field: 129700
003 - CONTROL NUMBER IDENTIFIER
- control field: NUST
005 - DATE AND TIME OF LATEST TRANSACTION
- control field: 20250711115542.0
008 - FIXED-LENGTH DATA ELEMENTS
- fixed length control field: 250711|| aca||aabn | a|a d
040 ## - CATALOGING SOURCE
- Original cataloging agency: NUST
- Transcribing agency: NUST
100 ## - HEADING--PERSONAL NAME
- Personal name: Rāzī, Muḥammad Valī
670 ## - SOURCE DATA FOUND
- Source citation: Work cat.: (NUST)614238: Rāzī, Muḥammad Valī , Hādī-yi ̒-ālam Ṣallallāhu ̒alaih-i va ālihī vasallam / , 1984
